Pláticas acerca de las principales doctrinas y prácticas de la iglesia católica
Saved in:
| Hovedforfatter: | |
|---|---|
| Format: | Bog |
| Sprog: | spansk |
| Udgivet: |
Cádiz
Imprenta, Librería y Litografía de la Revista Medica
1849
|
| Udgivelse: | 1a. ed |
| Fag: | |
| Tags: |
Tilføj Tag
Ingen Tags, Vær først til at tagge denne postø!
|
MARC
| LEADER | 00000cam a2200000 a 4500 | ||
|---|---|---|---|
| 001 | UCD0264 | ||
| 003 | CL-VaPUC | ||
| 008 | 151120e18490000sp |||||||||||||||||spa|d | ||
| 082 | 0 | 4 | |a 230 |b WIS |2 21 |
| 100 | 0 | |a Wiseman, Nicolás Esteban |e author |9 583252 | |
| 245 | 1 | 0 | |a Pláticas acerca de las principales doctrinas y prácticas de la iglesia católica |
| 250 | |a 1a. ed | ||
| 300 | |a t | ||
| 942 | |c BK | ||
| 945 | |d 20151120 13:39:00 |a gsalatino | ||
| 260 | |a Cádiz |b Imprenta, Librería y Litografía de la Revista Medica |c 1849 | ||
| 650 | 0 | |a Iglesia Católica |9 256114 | |
| 650 | 7 | |a DOCTRINA CRISTIANA |2 CL-VaPUC |9 339115 | |
| 583 | |a last modification |c 20151120 13:39:00 |k Rodrigo Vera | ||
| 999 | |c 361830 |d 361828 | ||
| 952 | |0 0 |1 0 |3 erd |4 0 |6 230_000000000000000_WIS_1849 |7 0 |8 P |9 472550 |a BIBTEO |b BIBTES |c TEO_FTES |h t.1 |i 527060K |o 230 WIS 1849 |p 527060K |r 2024-01-18 |w 2019-11-24 |y BK |z Catalogado en:20151120 |k ICR | ||
| 952 | |0 0 |1 0 |3 erd |4 0 |6 230_000000000000000_WIS_1849 |7 0 |8 P |9 472551 |a BIBTEO |b BIBTES |c TEO_FTES |h t.2 |i 5270650 |o 230 WIS 1849 |p 5270650 |r 2024-01-18 |w 2019-11-24 |y BK |z Catalogado en:20151120 |k ICR | ||